00548 2200181 4500001002100000005001700021008004100038035002400079082001400103090001800117245005200135260006900187300002400256500003100280650003300311990001100344990001100355YOGYA-0512000000062920120527202635.0 ind  0010-051200000000629 a899.22072 a899.22072 Stn aSTRUKTUR Cerita Pendek JawacSri Widati Pradopo aJakartabPusat Pembinaan dan Pengembangan Bahasa Depdikbudc1985 axi, 285 hlm.c21 cm aBibliografi : hlm. 283-285 aKesusastraan Jawa-Penelitian a2243-A a2243-a